| 000 | 00913cam a2200265 a 4500 | ||
|---|---|---|---|
| 001 | 000019611 | ||
| 005 | 20200929170057.0 | ||
| 008 | 770912s1966 sp b 001 ebspa d | ||
| 040 |
_aDO-SdBNP _bspa _cDLC _dBNPHU |
||
| 082 |
_a864.6 _bL186g |
||
| 100 | 1 |
_aLaín Entralgo, Pedro, _d1908-2001 _942048 |
|
| 245 | 1 | 0 |
_aGregorio Marañón : _bvida, obra y persona / _cPedro Laín Entralgo. |
| 260 |
_aMadrid : _bEspasa-Calpe, _c1966. |
||
| 300 |
_a220, [18] p. ; _c18 cm. |
||
| 490 | 1 |
_aAustral. Verde: ensayos y filosofía _v1470 |
|
| 500 | _aIncluye índice de autores. | ||
| 650 | 4 |
_aEnsayos españoles _93095 |
|
| 650 | 4 |
_aLiteratura española _9632 |
|
| 600 | 1 | 4 |
_aMARAÑÓN, GREGORIO _d1887-1960 _xBIOGRAFÍA _942049 |
| 650 | 4 |
_aMédicos _zEspaña _xBiografía _942050 |
|
| 830 | 0 |
_aAustral; _pVerde: ensayos y filosofía, _v1470 _98733 |
|
| 910 | _aCatalogación derivada / LC | ||
| 910 | _aWM | ||
| 049 | _aBNGR | ||
| 999 |
_c19127 _d19127 |
||